Определение влажности зерна в процесе его размола / (Rekord nr 7252)
| 000 -ETYKIETA REKORDU | |
|---|---|
| podpole kontrolne o stałej długości | 00950naa a22002057a 4500 |
| 001 - NUMER KONTROLNY REKORDU | |
| podpole kontrolne | 7252 |
| 003 - IDENTYFIKATOR NUMERU KONTROLNEGO REKORDU | |
| podpole kontrolne | KOSZ 005 |
| 005 - DATA OSTATNIEJ MODYFIKACJI REKORDU | |
| podpole kontrolne | 20180430132336.0 |
| 008 - POLE O STAŁEJ DŁUGOŚCI - DANE KONTROLNE | |
| podpole kontrolne o stałej długości | 160211b1980 ru ||||| |||| 10| 0 rus |
| 040 ## - ŹRÓDŁO KATALOGOWANIA | |
| Instytucja, która utworzyła rekord | BPK |
| 041 ## - KOD JĘZYKA | |
| Kod języka tekstu | rus |
| 044 ## - KOD KRAJU WYDAWCY/PRODUCENTA | |
| Kod kraju wydawcy/producenta | RUS |
| 100 1# - NAZWA OSOBOWA | |
| Nazwa osobowa | DIACZUK, Jan. |
| Lata pracy | 1976 - 1993. |
| Instytucja | Wyższa Szkoła Inżynierska w Koszalinie - Instytut Budowy Maszyn, |
| Wydział | Zakład Maszyn Przemysłu Spożywczego |
| 245 10 - TYTUŁ/ODPOWIEDZIALNOŚĆ | |
| Tytuł | Определение влажности зерна в процесе его размола / |
| Pozostałe elementy strefy tytułu i oznaczenia odpowiedzialności | Ян Дячук. |
| 500 ## - UWAGI OGÓLNE | |
| Tekst uwagi | Dane z kartoteki bpp. |
| 655 #0 - TERMIN INDEKSOWY - OKREŚLENIE RODZAJU/FORMY DOKUMENTU | |
| Określnie rodzaju/formy dokumentu | Materiały konferencyjne. |
| 711 ## - HASŁO DODATKOWE - NAZWA IMPREZY | |
| Nazwa imprezy | Tezisy dokladov Vsesojuznoj Konferencii : Mechanika spucich materialov |
| Oznaczenie części/sekcji dzieła | (4 ; |
| Data imprezy | 1980.09.17-19 ; |
| Miejsce imprezy | Odessa, Rosja). |
| 773 0# - TYTUŁ DOKUMENTU MACIERZYSTEGO | |
| Wyrażenie wprowadzające | W : |
| Tytuł | Тезисы докладов IV Всесоюзной Конференции : Механика сыпучих материалов / |
| Adres wydawniczy | Одеса, 1980. - |
| Informacje dotyczące relacji | s. 325-326 |
| 942 ## - HASŁO DODATKOWE - ELEMENTY(KOHA) | |
| Typ dokumentu | Artykuł |
| Schemat klasyfikacji | Uniwersalna klasyfikacja dziesiętna |
Brak dostępnych egzemplarzy.
